[Event "Sotra Varturneringen"]
[Site "Sotra"]
[Date "2006.01.19"]
[Round "1"]
[White "Andersen, Reidar"]
[Black "Garmannslund, Vidar"]
[Result "1-0"]
[WhiteElo "1220"]
[BlackElo "1600"]
[PlyCount "125"]
[EventDate "2006.01.19"]
[EventType "swiss"]
[EventRounds "9"]
[EventCountry "NOR"]
[SourceTitle "EXT 2007"]
[Source "ChessBase"]
[SourceDate "2006.11.23"]
[SourceVersion "1"]
[SourceVersionDate "2006.11.23"]
[SourceQuality "1"]

1. e4 Nf6 2. Nc3 e5 3. d3 Bb4 4. Bd2 c6 5. Nf3 d6 6. Be2 h6 7. h3 Be6 8. Nh2 d5 9. Ng4 Nbd7 10. exd5 cxd5 11. 0-0 a6 12. Bf3 Bd6 13. Re1 0-0 14. a3 Nxg4 15. Bxg4 f5 16. Bf3 e4 17. dxe4 fxe4 18. Bg4 Bxg4 19. Qxg4 Nf6 20. Qg6 Qe8 21. Qxe8 Raxe8 22. Be3 Rd8 23. Bd4 Be7 24. Rad1 Ne8 25. Ne2 Nd6 26. Ng3 Nc4 27. Ne2 Bf6 28. Rb1 Bh4 29. g3 Bf6 30. Red1 g5 31. Nc3 Bxd4 32. Rxd4 e3 33. fxe3 Nxe3 34. Rd2 d4 35. Ne2 Nf5 36. Rf1 Rde8 37. g4 d3 38. cxd3 Nh4 39. Rxf8+ Rxf8 40. Rc2 Nf3+ 41. Kh1 Ne1 42. Rd2 Rf2 43. Kg1 Nxd3 44. Rxd3 Rxe2 45. Rb3 b5 46. Rb4 Rc2 47. a4 Rc4 48. Rxc4 bxc4 49. Kf2 Kf7 50. Ke3 Ke6 51. Kd4 Kd6 52. Kxc4 Ke5 53. b4 Kf4 54. b5 axb5+ 55. axb5 Kg3 56. b6 Kxh3 57. b7 Kxg4 58. b8Q Kh3 59. Qh8 g4 60. Qxh6+ Kg2 61. Qd2+ Kh3 62. Qf2 g3 63. Qg1 1-0

[Event "Sotra Hostturneringen"]
[Site "Sotra"]
[Date "2005.11.10"]
[Round "8"]
[White "Garmannslund, Vidar"]
[Black "Stokke, Kjetil"]
[Result "0-1"]
[WhiteElo "1596"]
[BlackElo "2288"]
[PlyCount "51"]
[EventDate "2005.08.25"]
[EventType "swiss"]
[EventRounds "9"]
[EventCountry "NOR"]
[SourceTitle "EXT 2007"]
[Source "ChessBase"]
[SourceDate "2006.11.23"]
[SourceVersion "1"]
[SourceVersionDate "2006.11.23"]
[SourceQuality "1"]

1. e4 c5 2. Nf3 Nc6 3. d4 cxd4 4. Nxd4 Nf6 5. Nc3 e5 6. Nxc6 bxc6 7. Bd3 Bb4 8. Bd2 0-0 9. 0-0 Rb8 10. a3 Be7 11. b3 d5 12. h3 Bb7 13. f4 Nxe4 14. Nxe4 dxe4 15. Bc4 Qd4+ 16. Kh1 e3 17. Ba5 Rbe8 18. Qe1 exf4 19. Bc3 Qd6 20. Rd1 Qh6 21. Qe2 c5 22. Qg4 e2 23. Bxe2 f5 24. Bc4+ Kh8 25. Qxf4 Qxh3+ 26. Qh2 0-1

[Event "NOR-chB"]
[Site "Stavanger"]
[Date "2005.07.06"]
[Round "6"]
[White "Lie, Gunnar"]
[Black "Garmannslund, Vidar"]
[Result "1-0"]
[WhiteElo "1548"]
[BlackElo "1596"]
[PlyCount "65"]
[EventDate "2005.07.01"]
[EventType "swiss"]
[EventRounds "9"]
[EventCountry "NOR"]
[SourceTitle "CBM 107 Extra"]
[Source "ChessBase"]
[SourceDate "2005.09.01"]
[SourceVersion "1"]
[SourceVersionDate "2005.09.01"]
[SourceQuality "1"]

1. d4 Nf6 2. f3 e6 3. e4 c5 4. e5 Ne4 5. fxe4 Qh4+ 6. Ke2 Qxe4+ 7. Be3 cxd4 8. Qxd4 Qxc2+ 9. Qd2 Qe4 10. Nf3 Bb4 11. Nc3 Bxc3 12. Qxc3 0-0 13. Kf2 b6 14. Bd3 Qc6 15. Rac1 Bb7 16. Rhd1 Qxc3 17. Rxc3 f5 18. Bb5 Bd5 19. Nd4 a6 20. Be2 f4 21. Bd2 Nc6 22. Nxc6 dxc6 23. Bf3 Rac8 24. b4 b5 25. Rdc1 Bc4 26. Rxc4 bxc4 27. Rxc4 Rf5 28. Bc3 Rf7 29. Bg4 Re7 30. Rxf4 g6 31. Bd4 h5 32. Bc5 Ree8 33. Be2 1-0

[Event "Sotra op1"]
[Site "Sotra"]
[Date "2004.02.05"]
[Round "3"]
[White "Garmannslund, Vidar"]
[Black "Kallesoe, Torben"]
[Result "1-0"]
[WhiteElo "1613"]
[BlackElo "1321"]
[PlyCount "43"]
[EventDate "2004.01.15"]
[EventType "swiss"]
[EventRounds "9"]
[EventCountry "NOR"]
[SourceTitle "EXT 2008"]
[Source "ChessBase"]
[SourceDate "2007.11.25"]
[SourceVersion "1"]
[SourceVersionDate "2007.11.25"]
[SourceQuality "1"]

1. d4 Nf6 2. Nf3 e6 3. c4 c5 4. g3 cxd4 5. Nxd4 Nc6 6. Bg2 Bc5 7. Nxc6 bxc6 8. 0-0 Qb6 9. Nc3 0-0 10. Na4 Qb4 11. Bd2 Qxc4 12. Rc1 Bxf2+ 13. Rxf2 Qb5 14. Rc5 Qb7 15. Rxf6 gxf6 16. Bh6 d5 17. e4 f5 18. exf5 exf5 19. Qd4 f6 20. Rxc6 Re8 21. Bxd5+ Be6 22. Rxe6 1-0

[Event "Sotra op1"]
[Site "Sotra"]
[Date "2004.01.15"]
[Round "1"]
[White "Glesnes, Ivar Magne"]
[Black "Garmannslund, Vidar"]
[Result "1/2-1/2"]
[WhiteElo "601"]
[BlackElo "1613"]
[PlyCount "41"]
[EventDate "2004.01.15"]
[EventType "swiss"]
[EventRounds "9"]
[EventCountry "NOR"]
[SourceTitle "EXT 2008"]
[Source "ChessBase"]
[SourceDate "2007.11.25"]
[SourceVersion "1"]
[SourceVersionDate "2007.11.25"]
[SourceQuality "1"]

1. e4 c5 2. Nf3 Nc6 3. Nc3 d6 4. Bc4 e6 5. a3 Nf6 6. d3 Be7 7. 0-0 0-0 8. Bg5 d5 9. exd5 Nxd5 10. Ne4 f6 11. Bh4 g5 12. Ng3 gxh4 13. Nxh4 Kh8 14. Re1 Ne5 15. Bxd5 Qxd5 16. Qd2 f5 17. Qh6 Rg8 18. Qh5 Bxh4 19. Qxh4 Rg6 20. Qe7 Nc6 21. Qf8+ 1/2-1/2

[Event "Sotra Hostturneringen"]
[Site "Sotra"]
[Date "2003.12.04"]
[Round "10"]
[White "Woldseth, Ole"]
[Black "Garmannslund, Vidar"]
[Result "1-0"]
[WhiteElo "1802"]
[BlackElo "1633"]
[PlyCount "115"]
[EventDate "2003.08.??"]
[EventType "swiss"]
[EventRounds "10"]
[EventCountry "NOR"]
[SourceTitle "EXT 2005"]
[Source "ChessBase"]
[SourceDate "2004.11.15"]
[SourceVersion "1"]
[SourceVersionDate "2004.11.15"]
[SourceQuality "1"]

1. Nf3 d5 2. c4 c6 3. d4 Nf6 4. Nc3 e6 5. cxd5 exd5 6. Qc2 Be7 7. Bg5 h6 8. Bh4 0-0 9. e3 Bg4 10. Ne5 Be6 11. Bd3 Nbd7 12. f4 Ng4 13. Bxe7 Qxe7 14. Qe2 Ngxe5 15. dxe5 f6 16. f5 fxe5 17. fxe6 Qxe6 18. 0-0-0 b5 19. Rdf1 e4 20. Bc2 a5 21. Rxf8+ Rxf8 22. Rf1 Qe5 23. Rxf8+ Nxf8 24. g3 Nd7 25. Qg4 Nb6 26. Qf4 Qxf4 27. gxf4 Kf7 28. b3 b4 29. Ne2 c5 30. Kd2 c4 31. Nd4 c3+ 32. Ke2 Ke7 33. Kf2 Nd7 34. Kg3 Nc5 35. Kg4 Kf6 36. h4 Nd3 37. h5 Nf2+ 38. Kg3 Nd3 39. Bd1 Nc1 40. Nc6 Nxa2 41. Nxa5 Nc1 42. Nc6 Nd3 43. Bc2 Kf5 44. Nd4+ Kf6 45. Kg2 g6 46. hxg6 Kxg6 47. Bd1 Ne1+ 48. Kf1 Nd3 49. Nc2 Kf5 50. Kg2 Ke6 51. Kg3 Kd6 52. Kh4 Kc5 53. Kh5 Nxf4+ 54. exf4 d4 55. f5 d3 56. f6 dxc2 57. Bxc2 e3 58. f7 1-0

[Event "Sotra Hostturneringen"]
[Site "Sotra"]
[Date "2003.10.09"]
[Round "5"]
[White "Eiken, Gunnar"]
[Black "Garmannslund, Vidar"]
[Result "0-1"]
[WhiteElo "1372"]
[BlackElo "1633"]
[PlyCount "58"]
[EventDate "2003.08.??"]
[EventType "swiss"]
[EventRounds "10"]
[EventCountry "NOR"]
[SourceTitle "EXT 2005"]
[Source "ChessBase"]
[SourceDate "2004.11.15"]
[SourceVersion "1"]
[SourceVersionDate "2004.11.15"]
[SourceQuality "1"]

1. e4 c5 2. d4 cxd4 3. c3 dxc3 4. Nxc3 Nc6 5. Nf3 d6 6. Bc4 e6 7. 0-0 Be7 8. Qe2 Nf6 9. Rd1 e5 10. Bg5 h6 11. Bh4 g5 12. Bg3 Bg4 13. Qd3 Bxf3 14. Qxf3 0-0 15. Qf5 Kg7 16. h4 Qc8 17. hxg5 Qxf5 18. gxh6+ Kxh6 19. exf5 Nd4 20. f4 Nxf5 21. fxe5 Ng4 22. Bf4+ Kg6 23. exd6 Bh4 24. g3 Nxg3 25. Bd3+ f5 26. Bxg3 Bxg3 27. Rd2 Kg5 28. Rf1 Bf4 29. Rg2 Be3+ 0-1

[Event "Sotra Hostturneringen"]
[Site "Sotra"]
[Date "2003.09.18"]
[Round "3"]
[White "Frimanslund, Berge"]
[Black "Garmannslund, Vidar"]
[Result "0-1"]
[WhiteElo "911"]
[BlackElo "1633"]
[PlyCount "50"]
[EventDate "2003.08.??"]
[EventType "swiss"]
[EventRounds "10"]
[EventCountry "NOR"]
[SourceTitle "EXT 2005"]
[Source "ChessBase"]
[SourceDate "2004.11.15"]
[SourceVersion "1"]
[SourceVersionDate "2004.11.15"]
[SourceQuality "1"]

1. d4 e6 2. c4 c5 3. d5 exd5 4. cxd5 d6 5. e4 Nf6 6. Bg5 h6 7. Bb5+ Bd7 8. Bxd7+ Nbxd7 9. Bxf6 Nxf6 10. Qa4+ Qd7 11. Qxd7+ Kxd7 12. Nc3 g5 13. Nge2 Bg7 14. Ng3 Rae8 15. 0-0 a6 16. Nf5 Nh5 17. f3 Be5 18. Ne3 Bd4 19. Ncd1 f5 20. g4 fxg4 21. fxg4 Nf4 22. Kh1 Rxe4 23. Nc4 h5 24. Nd2 Re2 25. Nf3 hxg4 0-1

[Event "Sotra Varturneringen"]
[Site "Sotra"]
[Date "2003.05.22"]
[Round "10"]
[White "Woldseth, Ole"]
[Black "Garmannslund, Vidar"]
[Result "1-0"]
[WhiteElo "1785"]
[BlackElo "1600"]
[PlyCount "107"]
[EventDate "2003.01.??"]
[EventType "tourn"]
[EventRounds "10"]
[EventCountry "NOR"]
[SourceTitle "EXT 2005"]
[Source "ChessBase"]
[SourceDate "2004.11.15"]
[SourceVersion "1"]
[SourceVersionDate "2004.11.15"]
[SourceQuality "1"]

1. d4 Nf6 2. c4 g6 3. Nc3 Bg7 4. e4 d6 5. Be2 e5 6. dxe5 dxe5 7. Qxd8+ Kxd8 8. Bg5 c6 9. 0-0-0+ Ke7 10. f4 h6 11. Bh4 Nbd7 12. Nf3 Kf8 13. Nxe5 Nxe5 14. Rd8+ Ne8 15. fxe5 g5 16. Bg3 Ke7 17. Rhd1 Nc7 18. Rxh8 Bxh8 19. Rd6 Bg7 20. Nd1 Ne8 21. Rd2 Be6 22. Ne3 f6 23. exf6+ Nxf6 24. Bd6+ Kf7 25. e5 Nd7 26. Bh5+ Kg8 27. Bg4 Re8 28. Bxe6+ Rxe6 29. Nf5 Bxe5 30. Bxe5 Nxe5 31. Rd8+ Kf7 32. c5 Rf6 33. Nd6+ Ke6 34. Nxb7 Rf2 35. Rd6+ Kf5 36. Rd2 Rxd2 37. Kxd2 Nc4+ 38. Kd3 Nxb2+ 39. Kd4 Ke6 40. Nd8+ Kd7 41. Nf7 Nd1 42. Nxh6 Nf2 43. Nf7 g4 44. Ne5+ Kc7 45. Ke3 Nd1+ 46. Kf4 Nc3 47. Kxg4 Nxa2 48. h4 Nc3 49. h5 Nd5 50. h6 Nf6+ 51. Kf5 Nh7 52. g4 a5 53. g5 a4 54. Nc4 1-0

[Event "Sotra Kretsmesterskap"]
[Site "Sotra"]
[Date "2003.03.02"]
[Round "4"]
[White "Karlsen, Terje"]
[Black "Garmannslund, Vidar"]
[Result "1-0"]
[WhiteElo "1965"]
[BlackElo "1600"]
[PlyCount "125"]
[EventDate "2003.02.??"]
[EventType "swiss"]
[EventRounds "5"]
[EventCountry "NOR"]
[SourceTitle "EXT 2005"]
[Source "ChessBase"]
[SourceDate "2004.11.15"]
[SourceVersion "1"]
[SourceVersionDate "2004.11.15"]
[SourceQuality "1"]

1. c4 e6 2. Nf3 Nf6 3. Nc3 d5 4. d4 c6 5. Bg5 Be7 6. e3 0-0 7. Qc2 Nbd7 8. 0-0-0 b5 9. cxb5 cxb5 10. Bxb5 Bb7 11. Kb1 Rc8 12. Qd3 Ne4 13. Bxd7 Rxc3 14. bxc3 Bxg5 15. Nxg5 Qxg5 16. Rhf1 Qe7 17. f3 Nd6 18. Ba4 Qc7 19. Bb3 Qa5 20. Rf2 Ba6 21. Qd2 Rb8 22. Kc2 Bc4 23. Rb1 Rc8 24. Kd1 Qc7 25. Ke1 a6 26. g4 Bb5 27. Qb2 Qd8 28. Rc1 Qg5 29. Qd2 f5 30. e4 Qxd2+ 31. Kxd2 fxe4 32. f4 Bd3 33. Ke3 a5 34. Rg2 a4 35. Bxa4 Nc4+ 36. Kf2 Rf8 37. Kg3 Ne3 38. Rf2 g6 39. h4 h5 40. Bd1 Rc8 41. Ba4 Rc7 42. g5 Nf5+ 43. Kh3 e3 44. Rb2 Nxd4 45. Rb8+ Kg7 46. Rd8 Bf5+ 47. Kh2 e2 48. Kg2 Nc2 49. Bxc2 Bxc2 50. Kf2 Bd3 51. Ke3 Rf7 52. Kd2 Be4 53. Kxe2 Ra7 54. Ke3 Rxa2 55. c4 Ra7 56. Rc3 Rc7 57. c5 Bf5 58. Kd4 Kf7 59. c6 e5+ 60. Kxe5 d4 61. Kxd4 Ke6 62. Re3+ Kf7 63. Kc5 1-0

[Event "Sotra Kretsmesterskap"]
[Site "Sotra"]
[Date "2003.03.01"]
[Round "2"]
[White "Glesnes, Ivar Magne"]
[Black "Garmannslund, Vidar"]
[Result "0-1"]
[WhiteElo "578"]
[BlackElo "1600"]
[PlyCount "86"]
[EventDate "2003.02.??"]
[EventType "swiss"]
[EventRounds "5"]
[EventCountry "NOR"]
[SourceTitle "EXT 2005"]
[Source "ChessBase"]
[SourceDate "2004.11.15"]
[SourceVersion "1"]
[SourceVersionDate "2004.11.15"]
[SourceQuality "1"]

1. e4 e5 2. Nf3 Nc6 3. Nc3 Bc5 4. Bb5 Nge7 5. 0-0 0-0 6. d3 a6 7. Ba4 d6 8. Be3 Bg4 9. Nd5 Nd4 10. Bxd4 Bxd4 11. c3 Nxd5 12. exd5 Bb6 13. Qe2 Qf6 14. Bd1 c6 15. Qe4 Bf5 16. Qc4 Rac8 17. Be2 Ba7 18. Qb3 Qe7 19. Nd2 cxd5 20. Qxd5 Be6 21. Qe4 f5 22. Qb4 Bc5 23. Qa4 Bd5 24. Bf3 Be6 25. b4 Ba7 26. b5 Rxc3 27. Be2 d5 28. bxa6 bxa6 29. Qxa6 Ra3 30. Qb5 Rb8 31. Qc6 Rc8 32. Qb5 Rac3 33. Qa5 Qd6 34. Qa4 Bb8 35. Qh4 e4 36. dxe4 dxe4 37. Rfd1 Qc7 38. g3 Rc2 39. Ba6 Rf8 40. Nb3 Qb6 41. Bf1 Qxf2+ 42. Kh1 Ba7 43. Bh3 Qxh2# 0-1

[Event "Sotra Varturneringen"]
[Site "Sotra"]
[Date "2003.02.27"]
[Round "4"]
[White "Garmannslund, Vidar"]
[Black "Brattetveit, Kenneth"]
[Result "1-0"]
[WhiteElo "1600"]
[BlackElo "1652"]
[PlyCount "112"]
[EventDate "2003.01.??"]
[EventType "tourn"]
[EventRounds "10"]
[EventCountry "NOR"]
[SourceTitle "EXT 2005"]
[Source "ChessBase"]
[SourceDate "2004.11.15"]
[SourceVersion "1"]
[SourceVersionDate "2004.11.15"]
[SourceQuality "1"]

1. e4 e6 2. d4 d5 3. exd5 exd5 4. c4 Nf6 5. Nc3 Nc6 6. cxd5 Nxd5 7. Bb5 Qd6 8. Qe2+ Be6 9. Bd2 Nde7 10. Nf3 0-0-0 11. Ne4 Qd5 12. Bc3 Nf5 13. 0-0 Nfxd4 14. Nxd4 Nxd4 15. Bxd4 Qxd4 16. Rfd1 Qe5 17. Rxd8+ Kxd8 18. Rd1+ Kc8 19. Qd2 Be7 20. Bd7+ Kb8 21. Bxe6 Qxe6 22. Nc3 Kc8 23. Re1 Qd7 24. Qe3 Qe6 25. Qxe6+ fxe6 26. Rxe6 Kd7 27. Re3 g6 28. Rd3+ Bd6 29. Kf1 Re8 30. f3 Kc6 31. h3 b5 32. Ne4 Be5 33. b3 Re7 34. Ke2 h6 35. Ke3 g5 36. Rd8 Bd6 37. Kd3 Re6 38. Rg8 a5 39. Nf2 Bc5 40. Ne4 Bd6 41. Rh8 Be5 42. Rh7 Bd6 43. Rf7 Kd5 44. Nc3+ Kc6 45. Rf5 Bc5 46. Ne4 Bd6 47. a4 bxa4 48. bxa4 Bb4 49. g4 Kb6 50. f4 gxf4 51. Rxf4 Be7 52. Rf5 c5 53. Nc3 Bg5 54. Kc4 Rc6 55. Nd5+ Ka6 56. Rf8 Rc8 1-0

[Event "Sotra Varturneringen"]
[Site "Sotra"]
[Date "2003.02.20"]
[Round "3"]
[White "Hagen, Oddbjorn"]
[Black "Garmannslund, Vidar"]
[Result "0-1"]
[WhiteElo "1422"]
[BlackElo "1600"]
[PlyCount "91"]
[EventDate "2003.01.??"]
[EventType "tourn"]
[EventRounds "10"]
[EventCountry "NOR"]
[SourceTitle "EXT 2005"]
[Source "ChessBase"]
[SourceDate "2004.11.15"]
[SourceVersion "1"]
[SourceVersionDate "2004.11.15"]
[SourceQuality "1"]

1. e4 c5 2. Nf3 e6 3. d4 cxd4 4. Nxd4 Nc6 5. Nc3 a6 6. Be2 Nf6 7. 0-0 Qb6 8. Nb3 Qc7 9. Be3 b5 10. f3 Bd6 11. f4 Bb4 12. Bf3 Bxc3 13. bxc3 Ne7 14. Qe1 0-0 15. Rd1 d6 16. Qd2 Bb7 17. Qd3 Ng6 18. g3 Rac8 19. Bd2 d5 20. e5 Ne4 21. Rde1 Nxd2 22. Qxd2 Qxc3 23. Qxc3 Rxc3 24. Rf2 Rfc8 25. Ree2 Ne7 26. Kf1 Nc6 27. a3 a5 28. Rd2 a4 29. Nd4 Nxd4 30. Rxd4 Rxa3 31. Rb4 Rac3 32. Ke1 a3 33. Rxb5 a2 34. Ra5 Ra8 35. Rxa2 Rxa2 36. Kd1 Raa3 37. Be2 Ba6 38. Bxa6 Rxa6 39. Kc1 Rac6 40. Rd2 R6c4 41. Kb2 f6 42. exf6 gxf6 43. Re2 Kf7 44. Rd2 d4 45. Kb1 Rb4+ 46. Ka2 0-1

[Event "Sotra Varturneringen"]
[Site "Sotra"]
[Date "2003.01.30"]
[Round "1"]
[White "Frimanslund, Berge"]
[Black "Garmannslund, Vidar"]
[Result "0-1"]
[WhiteElo "853"]
[BlackElo "1600"]
[PlyCount "64"]
[EventDate "2003.01.??"]
[EventType "tourn"]
[EventRounds "10"]
[EventCountry "NOR"]
[SourceTitle "EXT 2005"]
[Source "ChessBase"]
[SourceDate "2004.11.15"]
[SourceVersion "1"]
[SourceVersionDate "2004.11.15"]
[SourceQuality "1"]

1. e4 c5 2. c3 Nf6 3. e5 Nd5 4. d4 cxd4 5. cxd4 Nc6 6. Nf3 d6 7. Bb5 Qa5+ 8. Nc3 Nxc3 9. Bxc6+ bxc6 10. Qd2 Ba6 11. bxc3 e6 12. Rb1 d5 13. a3 Be7 14. Qc2 0-0 15. Ng5 Bxg5 16. Bxg5 c5 17. Be7 cxd4 18. Bb4 Qc7 19. Bd6 Qc6 20. Bxf8 Rxf8 21. Rc1 Rb8 22. Kd2 d3 23. Qd1 Rb2+ 24. Ke3 Qc5+ 25. Kf3 Qxf2+ 26. Kg4 Qxg2+ 27. Kh4 Re2 28. Qxe2 dxe2 29. Rb1 g5+ 30. Kh5 Kg7 31. h4 Qf3+ 32. Kxg5 Qf5# 0-1

[Event "NOR-chT2 north 0203"]
[Site "Masfjorden"]
[Date "2003.01.18"]
[Round "3"]
[White "Garmannslund, Vidar"]
[Black "Birkestrand, Odd Helge"]
[Result "1-0"]
[WhiteElo "1595"]
[BlackElo "1316"]
[PlyCount "49"]
[EventDate "2002.10.??"]
[EventType "team"]
[EventRounds "7"]
[EventCountry "NOR"]
[SourceTitle "EXT 2005"]
[Source "ChessBase"]
[SourceDate "2004.11.15"]
[SourceVersion "1"]
[SourceVersionDate "2004.11.15"]
[SourceQuality "1"]

1. e4 e5 2. Nf3 Nc6 3. Nc3 Bc5 4. Bc4 Nf6 5. 0-0 0-0 6. a3 d6 7. b4 Bb6 8. h3 Nd4 9. Nxd4 Bxd4 10. Qe2 c6 11. Rb1 b5 12. Ba2 Bb7 13. Nd1 a6 14. c3 Bb6 15. d3 h6 16. Ne3 Bxe3 17. Bxe3 Rc8 18. f4 exf4 19. Rxf4 Qe7 20. Rbf1 Kh7 21. Rxf6 gxf6 22. Qh5 Rh8 23. Bxh6 Rc7 24. Rf3 Qe5 25. Qh4 1-0

[Event "Sotra op"]
[Site "Sotra"]
[Date "2002.10.31"]
[Round "7"]
[White "Woldseth, Ole"]
[Black "Garmannslund, Vidar"]
[Result "1-0"]
[WhiteElo "1773"]
[BlackElo "1595"]
[PlyCount "75"]
[EventDate "2002.08.??"]
[EventType "swiss"]
[EventRounds "9"]
[EventCountry "NOR"]
[SourceTitle "EXT 2005"]
[Source "ChessBase"]
[SourceDate "2004.11.15"]
[SourceVersion "1"]
[SourceVersionDate "2004.11.15"]
[SourceQuality "1"]

1. d4 Nf6 2. c4 e6 3. Nf3 c5 4. d5 exd5 5. cxd5 d6 6. Nc3 g6 7. Bg5 Bg7 8. Nd2 0-0 9. e4 a6 10. a4 Qc7 11. Be2 Nbd7 12. 0-0 Rb8 13. f4 h6 14. Bh4 Re8 15. Qc2 Nb6 16. h3 Bd7 17. Rad1 Nxa4 18. Bxf6 Bxf6 19. Nxa4 Bxa4 20. Qxa4 Bxb2 21. Nf3 Bg7 22. e5 Qc8 23. Qc2 dxe5 24. fxe5 Bxe5 25. d6 Qd7 26. Nxe5 Rxe5 27. Bc4 Rf5 28. Rxf5 Qxf5 29. Qb3 b5 30. Rf1 Qe5 31. Bxf7+ Kg7 32. Qd3 Qd4+ 33. Qxd4+ cxd4 34. d7 d3 35. Bd5 a5 36. Rf7+ Kh8 37. Re7 d2 38. Re8+ 1-0

[Event "Sotra op"]
[Site "Sotra"]
[Date "2002.10.03"]
[Round "4"]
[White "Alikhani, Afshin"]
[Black "Garmannslund, Vidar"]
[Result "0-1"]
[WhiteElo "1364"]
[BlackElo "1595"]
[PlyCount "102"]
[EventDate "2002.08.??"]
[EventType "swiss"]
[EventRounds "9"]
[EventCountry "NOR"]
[SourceTitle "EXT 2005"]
[Source "ChessBase"]
[SourceDate "2004.11.15"]
[SourceVersion "1"]
[SourceVersionDate "2004.11.15"]
[SourceQuality "1"]

1. f4 d5 2. Nf3 Nc6 3. b3 Nf6 4. e3 Bg4 5. Be2 e6 6. Bb2 Bc5 7. 0-0 Ne7 8. Nd4 Bxe2 9. Qxe2 Bxd4 10. Bxd4 Nf5 11. Be5 Nd7 12. Bb2 f6 13. e4 dxe4 14. Qxe4 Nc5 15. Qc4 Qd5 16. Qxd5 exd5 17. Re1+ Kd7 18. Nc3 c6 19. d3 Rhe8 20. Ne2 Ne6 21. Kf2 c5 22. g4 Nd6 23. f5 Nc7 24. Ba3 Kc6 25. d4 Ne4+ 26. Kg2 Nb5 27. Bb2 b6 28. a4 Nbd6 29. Rad1 c4 30. Nf4 a6 31. Ba3 b5 32. Bxd6 Nxd6 33. Kf3 Rxe1 34. Rxe1 Re8 35. axb5+ axb5 36. Ra1 Nc8 37. Ra6+ Nb6 38. Nxd5 Kxd5 39. Rxb6 Kxd4 40. Rxb5 Re3+ 41. Kf2 Rc3 42. Rb4 Rxc2+ 43. Kg1 Ke3 44. Rxc4 Rxc4 45. bxc4 Kd4 46. Kf2 Kxc4 47. Ke3 Kd5 48. Kf4 Kd4 49. h4 h6 50. g5 h5 51. gxf6 gxf6 0-1

[Event "Sotra op"]
[Site "Sotra"]
[Date "2002.08.29"]
[Round "1"]
[White "Garmannslund, Vidar"]
[Black "Andersen, Reidar"]
[Result "1-0"]
[WhiteElo "1595"]
[BlackElo "1233"]
[PlyCount "81"]
[EventDate "2002.08.??"]
[EventType "swiss"]
[EventRounds "9"]
[EventCountry "NOR"]
[SourceTitle "EXT 2005"]
[Source "ChessBase"]
[SourceDate "2004.11.15"]
[SourceVersion "1"]
[SourceVersionDate "2004.11.15"]
[SourceQuality "1"]

1. Nf3 Nc6 2. e4 d6 3. d4 Nf6 4. d5 Ne5 5. Nxe5 dxe5 6. Nc3 a6 7. Be3 e6 8. Bc4 Bb4 9. 0-0 Bxc3 10. bxc3 Nxe4 11. Qg4 exd5 12. Qxg7 Rf8 13. Bh6 Qe7 14. Bxd5 Nf6 15. Qxf8+ Qxf8 16. Bxf8 Nxd5 17. Bg7 f6 18. c4 Kf7 19. cxd5 Kxg7 20. f4 e4 21. f5 Bd7 22. c4 Re8 23. g4 e3 24. Rf4 Kh6 25. h4 Ba4 26. Kf1 e2+ 27. Ke1 Bd1 28. Rxd1 exd1Q+ 29. Kxd1 Kg7 30. Kd2 b6 31. Kd3 Kf7 32. Re4 Rd8 33. Re6 a5 34. a4 Rg8 35. Rc6 Rxg4 36. Rxc7+ Kg8 37. d6 Rg1 38. d7 Rd1+ 39. Ke2 Rd6 40. Rc8+ Kf7 41. d8Q 1-0

[Event "Sotra Varturneringen"]
[Site "Sotra"]
[Date "2002.03.21"]
[Round "6"]
[White "Woldseth, Ole"]
[Black "Garmannslund, Vidar"]
[Result "0-1"]
[WhiteElo "1767"]
[BlackElo "1544"]
[PlyCount "76"]
[EventDate "2002.01.??"]
[EventType "swiss"]
[EventRounds "10"]
[EventCountry "NOR"]
[SourceTitle "EXT 2006"]
[Source "ChessBase"]
[SourceDate "2005.11.24"]
[SourceVersion "1"]
[SourceVersionDate "2005.11.24"]
[SourceQuality "1"]

1. d4 d5 2. Nf3 Bf5 3. c4 c6 4. Qb3 Qc7 5. cxd5 cxd5 6. Nc3 e6 7. Bg5 Nc6 8. e3 Nf6 9. Bb5 a6 10. Qa4 Nd7 11. Rc1 Nb6 12. Bxc6+ Qxc6 13. Qxc6+ bxc6 14. 0-0 f6 15. Bf4 Kd7 16. h3 g5 17. Bh2 h5 18. e4 Bh7 19. Nd2 g4 20. hxg4 hxg4 21. f4 c5 22. exd5 cxd4 23. dxe6+ Kxe6 24. f5+ Kf7 25. Nce4 Nd5 26. Nc4 Bh6 27. Ncd6+ Kg7 28. Rc5 Be3+ 29. Kh1 Bg8 30. g3 d3 31. Rc6 Rd8 32. Kg2 Ne7 33. Rc7 Rxd6 34. Rxe7+ Kf8 35. Nxd6 Kxe7 36. Re1 Bd5+ 37. Kf1 Kxd6 38. Rxe3 d2 0-1

[Event "Sotra Varturneringen"]
[Site "Sotra"]
[Date "2002.02.14"]
[Round "3"]
[White "Garmannslund, Vidar"]
[Black "Kallesoe, Torben"]
[Result "1-0"]
[WhiteElo "1544"]
[BlackElo "1344"]
[PlyCount "135"]
[EventDate "2002.01.??"]
[EventType "swiss"]
[EventRounds "10"]
[EventCountry "NOR"]
[SourceTitle "EXT 2006"]
[Source "ChessBase"]
[SourceDate "2005.11.24"]
[SourceVersion "1"]
[SourceVersionDate "2005.11.24"]
[SourceQuality "1"]

1. d4 Nf6 2. g3 e6 3. Bg5 g6 4. e4 h6 5. Bxf6 Qxf6 6. Bg2 e5 7. Ne2 exd4 8. Nxd4 c5 9. Nb5 Qb6 10. a4 a6 11. N5c3 Bg7 12. 0-0 0-0 13. Ra3 Nc6 14. Rb3 Qd8 15. Nd5 b5 16. axb5 axb5 17. c3 d6 18. Rxb5 Ba6 19. Rb6 Bxf1 20. Bxf1 Ne7 21. Nxe7+ Qxe7 22. Qxd6 Qxe4 23. Nd2 Qe5 24. Qxe5 Bxe5 25. Bc4 Rab8 26. Rxg6+ Kh7 27. Rc6 Rxb2 28. Ne4 f5 29. Nxc5 Bxc3 30. Ne6 Rbb8 31. Nxf8+ Rxf8 32. Bd3 Bg7 33. g4 Rf6 34. Bxf5+ Kg8 35. Rc7 h5 36. h3 hxg4 37. hxg4 Rd6 38. Rd7 Rxd7 39. Bxd7 Bh6 40. Kg2 Kf7 41. Kf3 Kg6 42. Ke4 Kf6 43. f4 Kg6 44. Ke5 Bg7+ 45. Ke6 Bf6 46. Be8+ Kg7 47. Bh5 Bb2 48. g5 Bc1 49. Kf5 Bb2 50. Kg4 Bd4 51. f5 Be5 52. Kf3 Bb2 53. Ke4 Bc1 54. f6+ Kf8 55. Kf5 Be3 56. Bd1 Bd2 57. Bb3 Be3 58. Kg6 Bf4 59. Kh5 Be5 60. Kg4 Bd4 61. Kf5 Be3 62. g6 Bh6 63. Bd5 Bg7 64. fxg7+ Kxg7 65. Kg5 Kh8 66. Be4 Kg7 67. Bf5 Kg8 68. Kh6 1-0

[Event "Sotra Varturneringen"]
[Site "Sotra"]
[Date "2002.01.31"]
[Round "2"]
[White "Alikhani, Afshin"]
[Black "Garmannslund, Vidar"]
[Result "1-0"]
[WhiteElo "1359"]
[BlackElo "1544"]
[PlyCount "63"]
[EventDate "2002.01.??"]
[EventType "swiss"]
[EventRounds "10"]
[EventCountry "NOR"]
[SourceTitle "EXT 2006"]
[Source "ChessBase"]
[SourceDate "2005.11.24"]
[SourceVersion "1"]
[SourceVersionDate "2005.11.24"]
[SourceQuality "1"]

1. d4 d5 2. c4 dxc4 3. e3 c5 4. Nf3 Nc6 5. d5 Na5 6. Bd2 Nf6 7. Qa4+ Bd7 8. Qxa5 Qxa5 9. Bxa5 b5 10. Nc3 g6 11. Ne5 a6 12. Nxd7 Nxd7 13. g3 Bg7 14. Bg2 Rc8 15. Bh3 f5 16. 0-0 Ne5 17. e4 0-0 18. exf5 gxf5 19. Rad1 Nd3 20. b3 Nb2 21. Rde1 b4 22. Nd1 Nxd1 23. Rxd1 c3 24. Rfe1 Bd4 25. Rxe7 Rce8 26. Rxe8 Rxe8 27. d6 Re2 28. Rxd4 cxd4 29. d7 c2 30. d8Q+ Kf7 31. Qd7+ Kg8 32. Qd5+ 1-0